000 00720nam a2200181Ia 4500
003 GCL
008 140319s9999 xx 000 0 ara d
040 _aGCL /
_cGCL
082 0 4 _a001.6424
_bم م
100 1 _aمحمد جمال احمد قبيعة
245 1 0 _aالمرجع الحديث فى استخدام قاعدة البيانات دى بيس فور DBASE IV /
_cمحمد جمال احمد قبيعة
260 _a[S.N] :
_bدار الراتب الجامعية ،
_c1993
300 _aمتعدد
490 _aسلسلة المبرمج العربى المتطور
_v0
650 0 4 _aالحاسبات الالكترونية
650 0 4 _aبرامج الحاسبات الالكترونية
942 _2ddc
_cBK
999 _c40262
_d40262